000 00710nam a2200229 i 4500
001 bgj
100 1 _aGASSET, Jose Ortega y.
245 1 0 _aDer Aufstand der Massen /
_bJose Ortega y Gasset.
246 1 0 _aRowohlts Deutsche Enzyklopädie :
_bdas Wissen des 20. Jahrhunderts im Taschenbuch mit enzyklopädischem Stichwort.
260 _aHamburg :
_bRowohlt,
_c1956.
300 _a157, [1] s. ;
_c19 cm.
490 1 _aRowohlts Deutsche Enzyklopädie
_v10
504 _aBibliogr. s. 149-152. Indeks.
650 9 _aSocjologia
830 _aRowohlts Deutsche Enzyklopädie
040 _cBPK
041 0 _ager
044 _aDEU
080 _a0
942 _cKS
008 s gw f |000 0 ger
999 _c50731
_d50731
856 _uhttp://koha.tu.koszalin.pl/cgi-bin/koha/opac-detail.pl?biblionumber=50731
_yKatalog online BPK